Online
Catalog

La cósmica : (Record no. 13674)

MARC details
000 -CABECERA
campo de control de longitud fija 01351nam a2200313 i 4500
001 - NÚMERO DE CONTROL
campo de control 000014072
003 - IDENTIFICADOR DEL NÚMERO DE CONTROL
campo de control DO-SdBNP
005 - FECHA Y HORA DE LA ÚLTIMA TRANSACCIÓN
campo de control 20240226131943.0
007 - CAMPO FIJO DE DESCRIPCIÓN FÍSICA--INFORMACIÓN GENERAL
campo de control de longitud fija ta
008 - DATOS DE LONGITUD FIJA--INFORMACIÓN GENERAL
campo de control de longitud fija 091203s1932 es 000 0 spa d
040 ## - FUENTE DE LA CATALOGACIÓN
Centro catalogador/agencia de origen DO-SdBNP
Lengua de catalogación spa
Centro/agencia transcriptor BNPHU
Normas de descripción rda
049 ## - FONDOS LOCALES (OCLC)
Fondos de biblioteca BNPD
082 #4 - NÚMERO DE LA CLASIFICACIÓN DECIMAL DEWEY
Número de clasificación 530.11
Número de documento/Ítem G216c
Número de edición 22
100 #1 - ENTRADA PRINCIPAL--NOMBRE DE PERSONA
Nombre de persona García de la Concha, Osvaldo,
Fechas asociadas al nombre 1878-1930
9 (RLIN) 31873
Término indicativo de función/relación autor
245 13 - MENCIÓN DE TÍTULO
Título La cósmica :
Resto del título nueva teoría de la relatividad formal e intrínseca, fundada en el origen espiritual de la materia o en el tiempo como el factor cósmico por excelencia /
Mención de responsabilidad, etc. Osvaldo García de la Concha ; prólogo, Andrés Avelino.
264 ## - PRODUCCIÓN, PUBLICACIÓN, DISTRIBUCIÓN, FABRICACIÓN Y COPYRIGHT
Producción, publicación, distribución, fabricación y copyright Madrid :
Nombre del de productor, editor, distribuidor, fabricante Espasa Calpe,
Fecha de producción, publicación, distribución, fabricación o copyright 1932.
300 ## - DESCRIPCIÓN FÍSICA
Extensión 159 páginas
Otras características físicas ilustraciones, retratos ;
Dimensiones 22 cm.
336 ## - TIPO DE CONTENIDO
Fuente rdacontent
Término de tipo de contenido texto
Código de tipo de contenido txt
337 ## - TIPO DE MEDIO
Fuente rdamedia
Nombre/término del tipo de medio sin mediación
Código del tipo de medio n
338 ## - TIPO DE SOPORTE
Fuente rdacarrier
Nombre/término del tipo de soporte volumen
Código del tipo de soporte nc
500 ## - NOTA GENERAL
Nota general En la portada: Santo Domingo, República Dominicana 15 de enero de 1929.
500 ## - NOTA GENERAL
Nota general Altorrelieve autobiográfico del genio dominicano Osvaldo García de la Concha, por RD Santana G.: p. [145]-159.
500 ## - NOTA GENERAL
Nota general Incluye bibliografía y notas al pie de páginas.
590 ## - NOTA LOCAL (RLIN)
Nota local Inventariado, 2023 /LP
650 #4 - PUNTO DE ACCESO ADICIONAL DE MATERIA--TÉRMINO DE MATERIA
Término de materia o nombre geográfico como elemento de entrada Relatividad (física)
9 (RLIN) 31874
700 1# - PUNTO DE ACCESO ADICIONAL--NOMBRE DE PERSONA
Nombre de persona Avelino, Andrés,
Fechas asociadas al nombre 1900-1974
Término indicativo de función/relación prólogo
9 (RLIN) 31875
910 ## - DATOS DE OPCIÓN DEL USUARIO (OCLC)
Datos de opción del usuario Validado. Control de calidad EMS
942 ## - ELEMENTOS DE PUNTO DE ACCESO ADICIONAL (KOHA)
Fuente del sistema de clasificación o colocación Dewey Decimal Classification
Tipo de ítem Koha Libro
Holdings
Estado de retiro Estado de pérdida Fuente del sistema de clasificación o colocación Restricciones de uso No para préstamo Código de colección Localización permanente Ubicación/localización actual Ubicación en estantería Fecha de adquisición Signatura topográfica completa Código de barras Fecha visto por última vez Número de copia Precio válido a partir de Tipo de ítem Koha Nota pública
    Dewey Decimal Classification Préstamo especial   Raros y valiosos Biblioteca Nacional Pedro Henríquez Ureña Biblioteca Nacional Pedro Henríquez Ureña Depósito 10.12.2009 BNPHU DS-RV 530.11 G216c 14072-30 25.06.2020 e. 3 25.06.2020 Libro Perteneció a la biblioteca personal de Julio Ortega Frier.
    Dewey Decimal Classification Préstamo especial   Raros y valiosos Biblioteca Nacional Pedro Henríquez Ureña Biblioteca Nacional Pedro Henríquez Ureña Depósito 19.04.2011 BNPHU DS-RV 530.11 G216c 14072-40 25.06.2020 e. 4 25.06.2020 Libro  
    Dewey Decimal Classification Préstamo especial   Raros y valiosos Biblioteca Nacional Pedro Henríquez Ureña Biblioteca Nacional Pedro Henríquez Ureña Depósito 04.08.2011 BNPHU DS-RV 530.11 G216c 14072-50 25.06.2020 e. 5 25.06.2020 Libro  
    Dewey Decimal Classification Préstamo especial   Raros y valiosos Biblioteca Nacional Pedro Henríquez Ureña Biblioteca Nacional Pedro Henríquez Ureña Depósito 03.12.2009 BNPHU PD-RV 530.11 G216c 14072-10 25.06.2020   25.06.2020 Libro Perteneció a la biblioteca personal de Federico Henríquez y Carvajal.
    Dewey Decimal Classification Préstamo especial   Raros y valiosos Biblioteca Nacional Pedro Henríquez Ureña Biblioteca Nacional Pedro Henríquez Ureña Depósito 03.12.2009 BNPHU PD-RV 530.11 G216c 14072-20 25.06.2020 e. 2 25.06.2020 Libro Perteneció a la biblioteca personal de Martínez Boog.

Powered by Koha